| 000 | 01680nam a2200349 c 4500 | ||
|---|---|---|---|
| 003 | BLK | ||
| 005 | 20250603155304.0 | ||
| 008 | 180410b bul|||||r ||||||| ||bul|| | ||
| 010 | _aKNG00165107000 | ||
| 040 | _aBLK | ||
| 041 |
_aBUL _cBUL |
||
| 080 |
_aЛатинска (римска) литература _b821.124 _x-6 _z821.124-6 |
||
| 100 | 1 |
_aЮлиан Отстъпник, имп. римски _eпърви автор _9381427 |
|
| 700 | 1 |
_aАтанасов, Владимир Герчев _eсъстав. и прев. _9379943 |
|
| 700 |
_aБогданов, Богдан Иванов _d1940 - 2016 _gФилолог. Преводач от старогръцки език. _9363777 |
||
| 139 |
_aЮлиан Отстъпник, имп. римски _bЮ 20 |
||
| 245 | 1 | 0 |
_aПисма _cимп. римски Юлиан Отстъпник; състав. и прев. Владимир Герчев Атанасов; с предг. от Богдан Иванов Богданов. |
| 257 | _aDRR | ||
| 260 |
_аСофия _bНар. култура _c1983 |
||
| 300 |
_a184 с. _c29 см |
||
| 380 | _aX | ||
| 490 | 1 | _aБиблиотека за антична литература Хермес | |
| 500 | _aПрев. е направен от Oeuvres completes. T. I, P. II ; / Julien. - 50 125 тир. - Азб. показалец. | ||
| 650 | 4 |
_aЮлиан Отстъпник, имп. римски _9381427 |
|
| 653 | _aписма | ||
| 852 | _aЦб 123507 | ||
| 856 | 4 |
_qpdf _u |
|
| 856 | 4 |
_qpdf _u |
|
| 942 |
_cKNG _n0 _01 |
||
| 944 |
_aCR _c23.09.2014 _lГеновева Генчева _k30560 |
||
| 944 |
_aED _c23.02.2018 _lф / _kТеодора_Стоянова |
||
| 999 |
_c158100 _d158100 |
||